000 00859nam a22002417a 4500
001 BD-DhSAU 8644
003 BD-DhSAU
005 20190109094511.0
008 150613b2009 bg a||||r|||| 000 0 eng d
040 _aBD-DhSAU
082 _222
_a571.92
_bK9608
100 _aIslam, Md. Aminur
_eRegistration No. # 07-02614
245 _aPrevalence of seed borne fungi associated with seeds of some selected flowers /
_bMS thesis
260 _aSher-e- Bangla Agricultural University :
_bDepartment of Plant Pathology,
_c2009.
300 _ax, 59 p. :
_bill. ;
_c30 cm.
590 _ajoy
650 _aPlant Pathology
650 _aSeed borne fungi
_vFlower
700 _aAkhtar, Nasim
_eSupervisor
700 _aAminuzzaman, F. M.
_eCo-Supervisor
856 _uhttp://archive.saulibrary.edu.bd:8080/xmlui/handle/123456789/114
942 _2ddc
_cTHESIS
999 _c8644
_d8644